000 00633nam a2200229Ia 4500
003 OSt
005 20220926043804.0
006 a|||||r|||| 00| 0
007 ta
008 220923b |||||||| |||| 00| 0 eng d
037 _cGeneral Book
040 _aRTL
_cRTL
_beng
041 _2eng
_aeng
082 _aU4:41, J1/UD
100 _aLattimore Owen
_994178
245 0 _aInner Asian frontiers of China
260 _c1951
490 _aAmerican Geographical Society, Research Series; 21
650 _aAnthropo-Geography
_9232664
942 _hU4:41, J1/UD
_cGB
_2CC
999 _c673158
_d673158